000 00795cab a2200241 4500
001 ABS53963
008 090401t1995 xxu||||| |||| 00| 0 eng d
035 _a(Sirsi) u7676
041 _aeng
100 _aCatt, R.
245 _aCabling industry cuts down CA`s damage criticisms
260 _c1995
350 _a0
490 _aProperty Week
_v53(7) 16 November 1995, 28-29(2)
520 _aLooks at the clash between the cabling industry and those interested in tree preservation, with figures from a report by the Consumers` Association that appeared in "Gardening Which?".
650 _aCABLE LAYING
650 _aCABLING INDUSTRY
650 _aCONSUMERS ASSOCIATION
650 _aTREE ROOTS
690 _aENVIRONMENTAL AND LAND CONSULTANCY
942 _n0
948 _c04/03/1997
999 _c4670
_d4670